000 00701nam a2200241Ia 4500
003 OSt
005 20220927115055.0
006 a|||||r|||| 00| 0
007 ta
008 220926b |||||||| |||| 00| 0 eng d
024 _a125043
037 _cThesis and Dissertations
040 _aRTL
_cRTL
_beng
041 _2eng
_aeng
082 _a"U21.237Q.n8, M6"
100 _aSharma M L
245 0 _aGeomorphology of semi-arid region
_b A case study o
260 _aJodhpur
_bScientific Publishers India
_c1986
300 _a196p. Bib p. 167-84
_ccm.
650 _aGeomorphology
942 _h"U21.237Q.n8, M6"
_cCC
999 _c705827
_d705827